| 000 | 01171cad a22002535a 4500 | ||
|---|---|---|---|
| 001 | L145182 | ||
| 008 | 080915e20080902xxk f lf000 0 eng d | ||
| 035 | _a(Sirsi) u145182 | ||
| 041 | 0 | _aeng | |
| 050 | 0 | 4 | _a306.1 $2 18 |
| 110 | 2 |
_aUnited Kingdom _kLaws, etc. _95044 |
|
| 245 | 0 | 0 |
_aStamp Duty Land Tax (Exemption of Certain Acquisitions of Residential Property) Regulations 2008 _h[electronic resource] |
| 260 |
_aLondon _bOPSI _c2008 |
||
| 490 | 0 |
_aSI _v2008: 2339 |
|
| 520 | _aSets out the exemptions for Stamp Duty on residential properties valued at not more than £175 000, for the period 3 September 2008 to 2 September 2009. Came into force 2 September 2008. | ||
| 520 | _aSee also The Stamp Duty land Tax (Variation of Part 4 of the Finance Act 2003) Regulations 2008 (L145183). | ||
| 521 | _aAdvanced | ||
| 590 | _aKA NTK | ||
| 650 | 2 | 4 | _aSTAMP DUTY LAND TAX (EXEMPTION OF CERTAIN ACQUISITIONS OF RESIDENTIAL PROPERTY) REGULATIONS 2008 |
| 651 | 4 |
_aEngland and Wales _y1543- |
|
| 690 | _aPROPERTY-PROPERTY TAXATION | ||
| 856 | 4 | 0 |
_uhttps://www.opsi.gov.uk/si/si2008/uksi_20082339_en_1 _zView the item free of charge at www.opsi.gov.uk... |
| 942 | _n0 | ||
| 999 |
_c108710 _d108710 |
||